000 00681cam a2200169 4500
001 WS108282
008 000000n 000 0 eng u
035 _a(Sirsi) u108282
245 _aEdinburgh Engineering Virtual Library
520 _aExcellent web site providing listings of other sites and discussion groups. Of interest to surveyors are those pages on construction and civil engineering. It includes a search facility over all its sites.
650 _aBUILT ENVIRONMENT
650 _aCIVIL ENGINEERING
650 _aDISCUSSION LISTS
690 _aBUILT ENVIRONMENT
856 4 0 _uhttps://www.eevl.ac.uk
_zView the website free of charge at www.eevl.ac.uk...
942 _n0
999 _c119665
_d119665